000 01133nam a22002177a 4500
003 DO-SdBNP
005 20210806121859.0
008 210806b2016 dr |||| 00| 0 spa d
040 _aBPMSU
_bSpa.
_cBPMSU
082 _a398.6
_bJ61a 2016
_222
100 1 _aJiménez, Adriana
245 1 0 _aAdivinanzas en abundancia /
_cAdriana jiménez
260 _aSanto Domingo,
_bEditora Nacional,
_c2016.
300 _a99 p. ;
_c23 cm.
500 _aincluyes datos biogríficos de la autora en la solapa
520 _aLas adivinanzas son acertijos narrados en rimas para hacerlas más atractivas. Generalmente se refieren a frutas, vegetales, objetos y raramente a conceptos abstractos. Las adivinanzas son mini cuentos, pueden limitarse a la descripción de algo o la respuesta puede estar escondida en las combinaciones de palabras dentro de la misma adivinanza. Cualquier hora del día, cualquier día de la semana, se presta para sentarse a tratar de adivinar lo que se esconde las palabras. Helas aquí, en abundancia.
590 _6Inventariado, 2021/VM
650 4 _aAdivinanzas
910 _aMcabrera/ VMateo V.
942 _2ddc
_cBK
999 _c13634
_d13634